000 00479nam a2200169Ia 4500
003 GCL
008 140319s9999 xx 000 0 eng d
040 _aGCL /
_cGCL
082 0 4 _a720.92
_bA D
100 1 _aACADEMY EDITIONS
245 1 0 _aDEMETRI PARPHYRIOS: SELECTED BUILDINGS &?WRITINGS /
_cACADEMY EDITIONS
260 _a[S.N] :
_bACADEMY EDITIONS ،
_c1993
650 0 4 _aARCHITECTS
650 0 4 _aBUILDINGS ARCHITECTURE
650 0 4 _aPORPHYRIOS, DEMETRI
942 _2ddc
_cBK
999 _c11510
_d11510